<?xml version="1.0" encoding="UTF-8"?><?xml-stylesheet type="text/xsl" href="static/style.xsl"?><OAI-PMH xmlns="http://www.openarchives.org/OAI/2.0/" xmlns:xsi="http://www.w3.org/2001/XMLSchema-instance" xsi:schemaLocation="http://www.openarchives.org/OAI/2.0/ http://www.openarchives.org/OAI/2.0/OAI-PMH.xsd"><responseDate>2026-04-18T07:04:40Z</responseDate><request verb="GetRecord" identifier="oai:www.recercat.cat:2072/428225" metadataPrefix="marc">https://recercat.cat/oai/request</request><GetRecord><record><header><identifier>oai:recercat.cat:2072/428225</identifier><datestamp>2025-08-28T01:08:00Z</datestamp><setSpec>com_2072_98</setSpec><setSpec>col_2072_378192</setSpec></header><metadata><record xmlns="http://www.loc.gov/MARC21/slim" xmlns:dcterms="http://purl.org/dc/terms/" xmlns:xsi="http://www.w3.org/2001/XMLSchema-instance" xmlns:doc="http://www.lyncode.com/xoai" xsi:schemaLocation="http://www.loc.gov/MARC21/slim http://www.loc.gov/standards/marcxml/schema/MARC21slim.xsd">
   <leader>00925njm 22002777a 4500</leader>
   <datafield ind2=" " ind1=" " tag="042">
      <subfield code="a">dc</subfield>
   </datafield>
   <datafield ind2=" " ind1=" " tag="720">
      <subfield code="a">Kuypers, Kim P. C</subfield>
      <subfield code="e">author</subfield>
   </datafield>
   <datafield ind2=" " ind1=" " tag="720">
      <subfield code="a">De La Torre, Rafael</subfield>
      <subfield code="e">author</subfield>
   </datafield>
   <datafield ind2=" " ind1=" " tag="720">
      <subfield code="a">Farré Albaladejo, Magí</subfield>
      <subfield code="e">author</subfield>
   </datafield>
   <datafield ind2=" " ind1=" " tag="720">
      <subfield code="a">Pizarro, N.</subfield>
      <subfield code="e">author</subfield>
   </datafield>
   <datafield ind2=" " ind1=" " tag="720">
      <subfield code="a">Xicota, Laura</subfield>
      <subfield code="e">author</subfield>
   </datafield>
   <datafield ind2=" " ind1=" " tag="720">
      <subfield code="a">Ramaekers, Johannes G.</subfield>
      <subfield code="e">author</subfield>
   </datafield>
   <datafield ind2=" " ind1=" " tag="260">
      <subfield code="c">2017</subfield>
   </datafield>
   <datafield ind2=" " ind1=" " tag="520">
      <subfield code="a">Altres ajuts: This research was funded by the Netherlands Organization for Scientific Research (NWO), Grant Number: 400-07-2013, awarded to JR and KK.</subfield>
   </datafield>
   <datafield ind2=" " ind1=" " tag="520">
      <subfield code="a">MDMA has been shown to induce feelings of sociability, a positive emotional bias and enhanced empathy. While previous research has used only visual emotional stimuli, communication entails more than that single dimension and it is known that auditory information is also crucial in this process. In addition, it is, however, unclear what the neurobiological mechanism underlying these MDMA effects on social behaviour is. Previously, studies have shown that MDMA-induced emotional excitability and positive mood are linked to the action on the serotonin (5-HT) 2A receptor. The present study aimed at investigating the effect of MDMA on processing of sounds (Processing of Affective Sounds Task (PAST)) and cognitive biases (Approach-Avoidance Task (AAT)) towards emotional and social stimuli and the role of 5-HT receptor in these effects. Twenty healthy recreational users entered a 2 × 2, placebo-controlled, within-subject study with ketanserin (40 mg) as pre-treatment and MDMA (75 mg) as treatment. Behavioural (PAST, AAT) measures were conducted 90 min after treatment with MDMA, respectively, 120 min after ketanserin. Self-report mood measures and oxytocin concentrations were taken at baseline and before and after behavioural tests. Findings showed that MDMA reduced arousal elicited by negative sounds. This effect was counteracted by ketanserin pre-treatment, indicating involvement of the 5-HT receptor in this process. MDMA did not seem to induce a bias towards emotional and social stimuli. It increased positive and negative mood ratings and elevated oxytocin plasma concentrations. The reduction in arousal levels when listening to negative sounds was not related to the elevated subjective arousal. It is suggested that this decrease in arousal to negative stimuli reflects potentially a lowering of defences, a process that might play a role in the therapeutic process.</subfield>
   </datafield>
   <datafield tag="653" ind2=" " ind1=" ">
      <subfield code="a">MDMA</subfield>
   </datafield>
   <datafield tag="653" ind2=" " ind1=" ">
      <subfield code="a">5-HT receptor</subfield>
   </datafield>
   <datafield tag="653" ind2=" " ind1=" ">
      <subfield code="a">Ketanserin</subfield>
   </datafield>
   <datafield tag="653" ind2=" " ind1=" ">
      <subfield code="a">Sound processing</subfield>
   </datafield>
   <datafield tag="653" ind2=" " ind1=" ">
      <subfield code="a">Cognitive bias</subfield>
   </datafield>
   <datafield tag="653" ind2=" " ind1=" ">
      <subfield code="a">Oxytocin</subfield>
   </datafield>
   <datafield tag="653" ind2=" " ind1=" ">
      <subfield code="a">Arousal</subfield>
   </datafield>
   <datafield ind2="0" ind1="0" tag="245">
      <subfield code="a">MDMA-induced indifference to negative sounds is mediated by the 5-HT receptor</subfield>
   </datafield>
</record></metadata></record></GetRecord></OAI-PMH>